000 00591nam a2200229Ia 4500
003 0100
008 130303s9999 xx 000 0 und d
020 _a0874626536
040 _cARRUPELIB
050 _aB2430.M253E513 2002
100 _aMarcel, Gabriel
245 _aAwakenings
260 _aParis
260 _bMarquette University press
260 _C2002
300 _a262p.
300 _b 22cm
440 _aMarquette studies in philosophy
650 _bEnglish language - translations from Acoli
650 _cAcoli poetry-translations into english
942 _2lcc
_05
999 _c60710
_d60710